| Tag |
First Indicator |
Second Indicator |
Subfields |
| LEADER |
00000cam a2200000 a 4500 |
| 001 |
in00000096020 |
| 005 |
20150923173857.0 |
| 008 |
791218s1978 cu a b f00000 spa d |
| 035 |
|
|
|a (OCoLC)05808378
|
| 035 |
|
|
|9 AAK8410AM
|
| 040 |
|
|
|a YUS
|c YUS
|d TXA
|d UtOrBLW
|
| 049 |
|
|
|a TXAM
|c [1503475]
|
| 090 |
|
|
|a F1839 C52
|b P76
|
| 245 |
0 |
0 |
|a Provincia Ciego de Avila.
|
| 264 |
|
1 |
|a Santiago de Cuba :
|b Editorial Oriente,
|c 1978.
|
| 300 |
|
|
|a 168 pages :
|b illustrations (some color) ;
|c 23 cm.
|
| 336 |
|
|
|a text
|b txt
|2 rdacontent
|
| 337 |
|
|
|a unmediated
|b n
|2 rdamedia
|
| 338 |
|
|
|a volume
|b nc
|2 rdacarrier
|
| 500 |
|
|
|a "Este libro fue elaborado por la comision siguiente: Avilio Morales Fuentes [and others]."
|
| 504 |
|
|
|a Bibliography: page 168.
|
| 651 |
|
0 |
|a Ciego de Ávila (Cuba : Province)
|
| 700 |
1 |
|
|a Morales Fuentes, Avilio.
|
| 999 |
|
|
|a MARS
|
| 999 |
f |
f |
|s a6c254b2-6c19-3668-ad9c-61f50bd42a71
|i bb8db763-c75d-383f-88cd-d2cac580edbd
|t 0
|
| 952 |
f |
f |
|p ric
|a Texas A&M University
|b Rellis Campus
|c Joint Library Facility
|d Remote Storage
|t 0
|e F1839 C52 P76
|h Library of Congress classification
|i unmediated -- volume
|m A14806010571
|
| 998 |
f |
f |
|a F1839 C52 P76
|t 0
|l Remote Storage
|